000 01421cam a2200301 a 4500
001 15346553
005 20221111103058.0
008 080627s2009 njua 001 0 eng
010 _a 2008028930
020 _a9780136009269
020 _a0136009263
035 _a(OCoLC)ocn232922076
035 _a(OCoLC)232922076
040 _aDLC
_cDLC
_dYDX
_dBAKER
_dYDXCP
_dDLC
050 0 0 _aQA184.2
_b.B73 2009
082 0 0 _a512.5,BRE
_222
100 1 _aBretscher, Otto.
_960940
245 1 0 _aLinear algebra with applications /
_cOtto Bretscher.
250 _a4th ed.
260 _aUpper Saddle River, NJ :
_bPearson Prentice Hall,
_cc2009.
300 _axv, 478 p. :
_bill. (some col.) ;
_c27 cm.
505 _aLiear Equations (Page-1), Linear Transformations (Page-40), Subspaces of R and Their Dimensions (Page-101), Linear Spaces (Page-153), Orthogonality and Least Squares (Page-187), Determinants (Page-249), Eigenvalues and Eigenvectors (Page-294), Symmetric Matrices and Quadratic Forms (Page-367), Linear Differntial Equations (Page-397).
650 0 _aAlgebras, Linear
_vTextbooks.
_94602
856 4 1 _3Table of contents only
_uhttp://www.loc.gov/catdir/toc/ecip0822/2008028930.html
906 _a7
_bcbc
_corignew
_d1
_eecip
_f20
_gy-gencatlg
942 _2ddc
_cBK
_k512.5,BRE
999 _c592292
_d592292